Top 100 Most Populated Subdivisions of Africa - Statistics

General Stats
  • This quiz has been taken 65 times
  • The average score is 42 of 100
Answer Stats
Country Subdivision Population % Correct
Egypt Cairo 11.1 mil
92%
Nigeria Lagos 13.9 mil
90%
Egypt Alexandria 6.00 mil
88%
Nigeria Kano 15.9 mil
88%
Ethiopia Addis Ababa 4.63 mil
84%
D. R. Congo Kinshasa 14.5 mil
84%
Sudan Khartoum 9.13 mil
80%
South Africa Mpumalanga 4.70 mil
80%
Tanzania Dar es Salaam 5.86 mil
78%
Morocco Rabat-Salé-Kénitra 5.20 mil
78%
Ethiopia Southern Nations,Nationalities, and Peoples' Region 3.96 mil
78%
Morocco Casablanca-Settat 7.91 mil
76%
Angola Luanda 10.0 mil
76%
Ethiopia Oromia 48.0 mil
76%
Ethiopia Somali 7.80 mil
76%
Malawi Southern 9.21 mil
76%
Ghana Greater Accra 6.02 mil
73%
Kenya Nairobi 5.08 mil
73%
South Africa Western Cape 7.18 mil
73%
Ivory Coast Abidjan 6.19 mil
71%
Morocco Tanger-Tetouan-AlHoceima 4.07 mil
71%
Ethiopia Amhara 27.4 mil
69%
Morocco Fès-Meknès 4.70 mil
69%
Morocco Marrakesh-Safi 5.10 mil
69%
Malawi Central 8.96 mil
65%
Cameroon Centre 5.26 mil
65%
Algeria Algiers 3.99 mil
63%
South Africa Gauteng 16.0 mil
63%
Egypt Giza 10.2 mil
63%
Senegal Dakar 4.06 mil
61%
Ethiopia Tigray 6.88 mil
61%
South Africa Eastern Cape 6.65 mil
59%
South Africa KwaZulu-Natal 11.5 mil
59%
South Africa Limpopo 5.92 mil
53%
South Africa North West 4.17 mil
53%
Ethiopia South West EthiopiaPeoples' Region 16.3 mil
53%
Nigeria Oyo 8.21 mil
47%
Nigeria Sokoto 6.58 mil
47%
Nigeria Kaduna 9.29 mil
45%
Nigeria Niger 6.98 mil
45%
Somalia Somaliland 4.39 mil
45%
Nigeria Delta 5.80 mil
39%
Nigeria Rivers 7.69 mil
39%
D. R. Congo South Kivu 7.06 mil
39%
D. R. Congo Kongo Central 6.83 mil
35%
Egypt Asyut 5.34 mil
33%
Nigeria Borno 6.29 mil
33%
Nigeria Katsina 10.7 mil
33%
Nigeria Plateau 4.85 mil
33%
Mozambique Nampula 6.93 mil
31%
Nigeria Ondo 5.47 mil
31%
Nigeria Cross River 4.53 mil
29%
Nigeria Enugu 4.83 mil
29%
Cameroon Littoral 4.28 mil
29%
Nigeria Ogun 6.56 mil
29%
Sudan South Darfur 4.30 mil
29%
Egypt Faiyum 4.33 mil
27%
Tanzania Mwanza 4.02 mil
27%
Ghana Ashanti 6.01 mil
24%
Nigeria Bauchi 8.55 mil
24%
Nigeria Edo 4.92 mil
24%
Cameroon Far North 5.11 mil
24%
D. R. Congo Haut-Katanga 5.71 mil
24%
Ethiopia Sidama 5.54 mil
24%
Nigeria Akwa Ibom 5.12 mil
22%
Nigeria Benue 6.32 mil
22%
Sudan Gezira 5.82 mil
22%
D. R. Congo Kasaï-Central 4.04 mil
22%
D. R. Congo Kasaï-Oriental 3.86 mil
22%
Nigeria Kebbi 5.73 mil
22%
Nigeria Osun 4.56 mil
22%
Mozambique Zambezia 6.25 mil
22%
Nigeria Zamfara 6.00 mil
22%
Niger Zinder 5.69 mil
22%
Nigeria Adamawa 5.04 mil
20%
Nigeria Gombe 4.07 mil
20%
Egypt Qena 3.85 mil
20%
Niger Tahoua 5.18 mil
20%
Nigeria Abia 4.26 mil
18%
Egypt Beheira 7.35 mil
18%
Nigeria Imo 5.62 mil
18%
Nigeria Jigawa 7.72 mil
18%
Niger Maradi 5.52 mil
18%
Egypt Minya 6.70 mil
18%
Egypt Qalyubiyya 6.59 mil
18%
Egypt Sohag 6.05 mil
18%
Nigeria Anambra 6.13 mil
16%
Nigeria Kogi 4.60 mil
16%
Togo Maritime 3.94 mil
16%
Egypt Sharqia 8.47 mil
16%
Egypt Gharbia 5.85 mil
14%
D. R. Congo Ituri 4.39 mil
14%
Egypt Kafr El Sheikh 3.99 mil
14%
D. R. Congo Kwilu 6.67 mil
14%
Egypt Monufia 5.07 mil
14%
Mali Sikasso 4.20 mil
14%
Niger Tillabéri 4.30 mil
14%
Madagascar Analamanga 4.24 mil
12%
Egypt Dakahlia 7.59 mil
12%
D. R. Congo Nord-Ubangi 8.14 mil
12%
No matching quizzes found
Score Distribution
Percent of People with Each Score
Percentile by Number Answered
Your Score History
You have not taken this quiz